| 000 | 00781nam a2200205Ia 4500 | ||
|---|---|---|---|
| 999 |
_c44458 _d44458 |
||
| 001 | 11227 | ||
| 003 | GE_BSU | ||
| 005 | 20250514103418.0 | ||
| 008 | 181216s1957||||ge |||||||||||||| ||geo|| | ||
| 040 | _cGE_BSU | ||
| 041 | _ageo | ||
| 080 | _a54(075.32) ყ-93 | ||
| 100 |
_aყურაშვილი, ს.გ. _925038 |
||
| 245 |
_aზოგადი ქიმიის მოკლე კურსი : _bსამედიცინო სასწავლებლებისათვის / _c ს. ყურაშვილი. |
||
| 264 |
_aთბილისი. _bსაქმედგამი, _c1957. |
||
| 300 |
_a430 გვ.; _b23 სმ. |
||
| 504 | _aბიბლიოგრ.: გვ. 425. | ||
| 653 | _aზოგადი ქიმია | ||
| 942 |
_cBK _2udc |
||